Διδακτική : γενική και ειδική

Αποθηκεύτηκε σε:
Λεπτομέρειες βιβλιογραφικής εγγραφής
Κύριος συγγραφέας: Τσιρίμπας, Αντώνιος Α., 1903-
Μορφή: Βιβλίο
Γλώσσα:Greek
Δημοσίευση: Τρίπολη : Παπαδημητρόπουλος, 1947.
Θέματα:
Διαθέσιμο Online:http://hdl.handle.net/11610/16717
Ετικέτες: Προσθήκη ετικέτας
Δεν υπάρχουν, Καταχωρήστε ετικέτα πρώτοι!

MARC

LEADER 00000cam a2200000 i 4500
001 1/88764
008 080612s1947 gr | ||| ||| ||gre||
035 |l 10098189 
040 |a GR-MY-UA  |b gre  |e aacr 
041 0 |a gre 
082 7 |a 371.102   |2 (22) 
100 1 |a Τσιρίμπας, Αντώνιος Α.,   |d 1903- . 
245 1 0 |a Διδακτική :  |b γενική και ειδική /   |c Αντωνίου Ανδρέου Τσιρίμπα.  
260 |a Τρίπολη :   |b Παπαδημητρόπουλος,   |c 1947.  
300 |a 335 σ. ;   |c 26 εκ.  
500 |a Υπάρχει ψηφιακό αντίγραφο.  
504 |a Βιβλιογραφία: σ. [8]-10.  
521 |a "Διά τους σπουδαστάς των παιδαγωγικών ακαδημιών και τους διδασκάλους".  
650 0 0 |a Teaching  |x Methods. 
650 0 0 |a Teaching  |x Philosophy. 
650 0 0 |a Education  |x Study and teaching (Higher) 
852 |a INST  |b RHODES  |c AKA  |e 20080612  |h  371.102 ΤΣΙ  |p 005400027991  |q 005400027991  |t BK  |y 23 
856 |u http://hdl.handle.net/11610/16717 
901 |a BIBL4-2008-2 
909 |a Ρ  |b 150626 
970 |a ΧΑΡΙΟΠΟΛΙΤΟΥ  |b ΚΩΝΣΤΑΝΤΙΝΑ  |z 2008-06-12